000 01025nam a2200277 a 4500
001 000019466
005 20210310105541.0
008 100629s2005 es c 000 0 spa d
020 _a8497647564
040 _aDO-SdBNP
_bspa
_cBNPHU
082 _a927.7928
_bD911r
100 1 _aRodríguez Méndez, Berta Fernanda,
_d1970-
_941810
245 1 0 _aIsadora Duncan /
_cBerta Fernanda Rodríguez Méndez ; coordinador general Felipe Sen ; coordinador de colección Mar de Ventura Fernández.
260 _aMadrid :
_bEdimat,
_c2005.
300 _a190 p. :
_bretr. ;
_c22 cm.
490 1 _aMujeres en la historia
500 _aIncluye datos biográficos de la autora en el chaleco
504 _aIncluye bibliografías (p. 190)
600 1 4 _aDUNCAN, ISADORA
_d1878-1927
_941811
650 0 _aBografías
_920254
650 4 _aMujeres en el arte
_xBiografía
_941812
700 1 _aSen, Felipe,
_ecoord.
_941707
700 1 _aVentura Fernández, Mar de,
_ecoord.
_941759
830 0 _aMujeres en la historia
_941760
049 _aBNPD
999 _c18982
_d18982